000 00302nam a22001337a 4500
008 170629b xxu||||| |||| 00| 0 eng d
020 _a0024391921
041 _aeng
080 _25TH
_a82
100 _a22
101 _aGJL
245 _aANTHOLOGY OF AMERICAN LITERATURE
_cMICHAEL,G
942 _2udc
_cBK
999 _c19542
_d19542